=LDR 00000nam 2200000 4500 =001 INLIS000000000047820 =005 20160217113420.0 =006 =007 =008 =020 ##$$a 978-979-692-127-0 =035 ##$$0010-021600000000208 =040 ##$$a NPBDMAT =082 ##$$a 641.1 =090 ##$$a 641.1 $b Ari g =100 ##$$a Ari Istiany =245 ##$$a Gizi Terapan/ Ari Istiany, Rusilanti; Editor, Engkus Kuswandi =260 ##$$a Bandung : $b Remaja Rosdakarya, $c 2013 =300 ##$$a x, 270 hlm : $b ilus $c 24 cm =500 ##$$a Bibliografi : hlm. 265-268 =650 ##$$a Ilmu Gizi Terapan =700 ##$$a Engkus Kuswandi